Introducción a la geometría moderna
Saved in:
| Main Author: | |
|---|---|
| Format: | Book |
| Language: | Spanish |
| Published: |
Ciudad de México
Continental
1961
|
| Subjects: | |
| Tags: |
Add Tag
No Tags, Be the first to tag this record!
|
MARC
| LEADER | 00000nam a2200000 a 4500 | ||
|---|---|---|---|
| 001 | UCW0991 | ||
| 003 | CL-VaPUC | ||
| 008 | 900813e19610000MX |||||||||||||||||spa|d | ||
| 082 | 0 | 4 | |a 516.04 |b SHI |2 21 |
| 100 | 0 | |a Shively, Levi Stephen |e author |9 304903 | |
| 245 | 1 | 0 | |a Introducción a la geometría moderna |
| 300 | |a 172 p | ||
| 942 | |c BK | ||
| 945 | |d 19900813 00:00:00 | ||
| 260 | |a Ciudad de México |b Continental |c 1961 | ||
| 650 | 7 | |a GEOMETRIA MODERNA |2 CL-VaPUC |9 266018 | |
| 583 | |a last modification |c 19900813 00:00:00 |k Rodrigo Vera | ||
| 999 | |c 215982 |d 215980 | ||
| 952 | |0 0 |1 0 |4 0 |6 516_040000000000000_SHI_1961 |7 0 |8 A |9 201306 |a BIBMAT |b BIBMAT |d 2019-11-14 |i 2684764 |o 516.04 SHI 1961 |p 2684764 |r 2025-01-07 |w 2019-11-14 |y BK |k MAT | ||